Music Quiz

Random Music or Artist Quiz
Score 0/20 Timer 10:00
1 Play Today
Artist % Correct
Michael Jackson
89.4%
John Lennon, who co-wrote and contributed vocals to 'Fame' by David Bowie!
86.5%
Jay-Z
78.6%
Paul McCartney
76.9%
Eddie Van Halen
74.1%
will.i.am
74.1%
Usher
64.6%
Justin Timberlake
56%
Kanye West
47.4%
Samuel L. Jackson
46.9%
Artist % Correct
Miley Cyrus
46.7%
Gorillaz
42.5%
Lou Reed, whose album Transformer was produced by David Bowie!
39.2%
Trent Reznor, whose band Nine Inch Nails toured with David Bowie in 1995!
38.3%
John Travolta
35.4%
The Clash
33.2%
Joe Strummer
25.7%
Brian Eno, who collaborated extensively with David Bowie on his albums from 1977-1979!
22.3%
Coldplay
20.6%
Scarlett Johansson, whose album Anywhere I Lay My Head featured David Bowie on two tracks
10.2%

You're not logged in!

Compare scores with friends on all Sporcle quizzes.
OR
Log In

Sporcle TV

Today on Sporcle TV


Watch our educational content, quiz creation guides, and fun videos on Sporcle TV.

Show Comments

Extras

Top Quizzes Today


Score Distribution

Paid Content

Your Account Isn't Verified!

In order to create a playlist on Sporcle, you need to verify the email address you used during registration. Go to your Sporcle Settings to finish the process.

Report this User

Report this user for behavior that violates our Community Guidelines.

Details: